5HLuxD.jpg

KING HENRY VIII SENIOR AND PRIMARY SCHOOL LIBRARY OPAC

Charlie and the chocolate factory / (Record no. 5316)

000 -LEADER
fixed length control field 00993cam a2200277 4500
001 - CONTROL NUMBER
control field 350187
003 - CONTROL NUMBER IDENTIFIER
control field OSt
005 - DATE AND TIME OF LATEST TRANSACTION
control field 20250904132032.0
008 - FIXED-LENGTH DATA ELEMENTS--GENERAL INFORMATION
fixed length control field 221003r20161964enka j 000 1 eng
020 ## - INTERNATIONAL STANDARD BOOK NUMBER
International Standard Book Number 9780141371351
040 ## - CATALOGING SOURCE
Original cataloging agency KLCC
Transcribing agency KH8
042 ## - AUTHENTICATION CODE
Authentication code nbic
082 ## - DEWEY DECIMAL CLASSIFICATION NUMBER
Classification number FIC DAH
100 1# - MAIN ENTRY--PERSONAL NAME
Personal name Dahl, Roald,
Relator term aut.
245 10 - TITLE STATEMENT
Title Charlie and the chocolate factory /
Statement of responsibility, etc. Roald Dahl ; illustrated by Quentin Blake.
260 ## - PUBLICATION, DISTRIBUTION, ETC.
Place of publication, distribution, etc. [London] :
Name of publisher, distributor, etc. Puffin Books,
Date of publication, distribution, etc. 2016, c1964.
300 ## - PHYSICAL DESCRIPTION
Extent [181] p. :
Other physical details ill. ;
Dimensions 20 cm.
520 ## - SUMMARY, ETC.
Summary, etc. Each of five children lucky enough to discover an entry ticket into Mr. Willy Wonka's mysterious chocolate factory takes advantage of the situation in his own way.
650 #1 - SUBJECT ADDED ENTRY--TOPICAL TERM
Topical term or geographic name entry element Bucket, Charlie (Fictitious character)
Form subdivision Fiction.
650 #1 - SUBJECT ADDED ENTRY--TOPICAL TERM
Topical term or geographic name entry element Wonka, Willy (Fictitious character)
Form subdivision Fiction.
650 #1 - SUBJECT ADDED ENTRY--TOPICAL TERM
Topical term or geographic name entry element Humorous stories.
650 #1 - SUBJECT ADDED ENTRY--TOPICAL TERM
Topical term or geographic name entry element Chocolate factories
Form subdivision Fiction.
650 #1 - SUBJECT ADDED ENTRY--TOPICAL TERM
Topical term or geographic name entry element Conduct of life
Form subdivision Fiction.
700 1# - ADDED ENTRY--PERSONAL NAME
Personal name Blake, Quentin,
Relator term ill.
942 ## - ADDED ENTRY ELEMENTS (KOHA)
Source of classification or shelving scheme
Koha item type Books - Fiction
Holdings
Withdrawn status Lost status Source of classification or shelving scheme Damaged status Not for loan Collection code Permanent Location Current Location Shelving location Date acquired Full call number Barcode Date last seen Price effective from Koha item type
          Fiction KH8 Senior School Library KH8 Senior School Library Fiction 2025-09-04 FIC DAH 3KHSL000102370 2025-09-04 2025-09-04 Books - Fiction

Powered By KH8 IT Dept